Cuentos para educar

Guardat en:
Dades bibliogràfiques
Autor principal: Dotras, Leticia (Autor)
Format: Llibre
Idioma:espanyol
Publicat: Madrid CCS 1999
Edició:3a. ed
Col·lecció:Materiales para Educadores, 23
Matèries:
Etiquetes: Afegir etiqueta
Sense etiquetes, Sigues el primer a etiquetar aquest registre!

MARC

LEADER 00000nam a2200000 a 4500
001 UCM7811
003 CL-VaPUC
008 030110e19990000SP |||||||||||||||||spa|d
082 0 4 |a 808.068  |b DOT  |2 21 
100 0 |a Dotras, Leticia  |e author  |9 473443 
245 1 0 |a Cuentos para educar 
250 |a 3a. ed 
300 |a 195 p 
942 |c BK 
945 |d 20030110 00:00:00  |a cmena 
260 |a Madrid  |b CCS  |c 1999 
650 0 |a Cuentos infantiles  |9 308044 
650 0 |a Literatura infantil   |9 307465 
650 0 |a Métodos de enseñanza  |9 270413 
650 0 |a Educación básica   |9 224933 
583 |a last modification  |c 20030110 00:00:00  |k Rodrigo Vera 
490 0 |a Materiales para Educadores, 23 
999 |c 302477  |d 302475 
952 |0 0  |1 0  |4 0  |6 808_068000000000000_DOT_1999  |7 0  |8 A  |9 363082  |a BIBEDU  |b BIBEDU  |d 2019-11-21  |i 3860442  |l 1  |o 808.068 DOT 1999  |p 3860442  |r 2023-07-05  |s 2023-07-05  |w 2019-11-21  |y BK  |k EPE